000 00698nam a2200241Ia 4500
003 OSt
005 20220928123930.0
006 a|||||r|||| 00| 0
007 ta
008 220927b |||||||| |||| 00| 0 eng d
024 _a30280
037 _cTextual
040 _aSDCL
_cSDCL
_beng
041 _2eng
_aeng
082 _aX:9581.2N7, L8
100 _aJagannadham V
245 0 _aProblems of pensioners in India
_b Socio-economic policy and administration
260 _aNew Delhi
_bLalita Prakashan
_c1978
300 _axv,248p
_ccm.
700 _a Palvia C M
_9462411
942 _hX:9581.2N7, L8
_cTEXL
_2CC
999 _c775395
_d775395